00991nas a2200229Ia 4500001001100000003000900011008004100020040001300061040001300074041001300087100005000100210001700150222001700167245008500184250001100269260004600280501008600326300001600412362003700428500026000465650003600725R020/85480IT-RoPAU151124c99999999xx |||||||||||| ||und|| aIT-RoPAU cIT-RoPAU aITALIANO aMartinelli VittoriogCodice Aut. SPICS: 17960 aGRIFFITHIANA aGriffithiana aGRIFFITHIANA, ANNO 12-N.35/36 (OTTOBRE 1989)bCineasti Russi Esuli In Italia (I) a1a ed. aGEMONA (UDINE)bCINETECA DEL FRIULIc1989 bPaulus - SPICS - Società San Paolo EM (non-commercial uses only)cCopyright2015 a9 p. [4-12] aANNO 012, N.35/36 (OTTOBRE 1989) aA Seguito della Rivoluzione di Ottobre Molti Cineasti Russi Emigrarono. Initalia Vennero: Tatiana Pavlova, il Regista Alexander Uralski, L'Attrice Varvara Yanova, gli Attori Osip Runic, Michael Vavic, Basil Struwin e Alcunialtri. Note Sulle Loro Realizzaz aCINEMAvPUBBLICAZIONE PERIODICA